Statistiques concernant QCM Guerre froide.

Cliquez ici pour prendre le quiz!

Statistiques générales

  • Ce quiz a été pris 3 641 fois
    (3 310 depuis la dernière actualisation)
  • Le résultat moyen est 14 sur 21

Statistiques - réponses

QuestionRéponse% Correct
Quels sont les deux grandes puissances qui s'affrontent durant cette période?L'URSS et les États-Unis
99%
A l'issue de quel grand épisode historique a lieu la Guerre froide?La deuxième Guerre mondiale
96%
Quelle est la cause de la crise de Cuba?La mise en place de missile soviétiques vers les États-Unis à Cuba
89%
Et celle autour de l'URSS?Le Pacte de Varsovie
85%
En 1949, Staline empêche le ravitaillement d'une ville du bloc opposé enclavée dans son territoire, quelle est-elle?Berlin
84%
Durant quel conflit de cette "Guerre" la France se retrouva massivement engagée?La guerre d'Indochine
79%
En quelle année a-t-elle eu lieu?1962
76%
Quand est tombé le mur de Berlin?1989
75%
Quelle était l'alliance militaire groupée autour des USA?Organisation du Traité d'Atlantique-Nord
75%
Quel était le président des États-Unis durant cette période.JF. Kennedy
74%
Quels sont les dates de la guerre de Corée?1950-1953
73%
Quel était le leader nord-coréen durant cet guerre?Kim-Il-Sung
73%
Quel est le dirigeant de l'URSS en 1989?Gorbatchev
68%
En 1946, quels sont les chef d'états de ces deux pays?Truman et Staline
62%
En quelle année fut construit le mur de Berlin?1961
54%
Quelles sont les dates de la guerre du Viet-Nam?1955-1975
53%
En quelle année l'URSS envahit-elle l'Afghanistan?1979
49%
Quels sont les dates de la guerre d'Indochine?1945-1954
46%
En quel année ont lieu les accords de SALT?1972
39%
Ceux d'Helsinki?1975
39%
Ceux de Washington?1987
38%

Distribution des résultats

Percentile par nombre de réponses

% des personnes avec chaque résultat

Votre développement - résultats

Vous n’avez pas pris ce quiz depuis la dernière actualisation